00708nam a2200241Ia 4500003000900000005001700009008004100026040001300067040001300080041000800093100002600101245004900127250001200176260002400188260000900212300001100221300000900232300001000241490000600251942001200257999001700269952018000286IT-RoPAU20220918175735.0120407s9999 xx 000 0 und d aIT-RoPAU cIT-RoPAU aita aDimitrij Dudko935615 aLa nostra speranza. Diario di un prete russo aMilano  aLa Casa di Matriona c1979 a188 p. bill. c21 cm v1 cBK2ddc c27745d27745 00102ddc406922_10000000000000071aPAULUSbPAULUSd2012-04-11l0o922.1r2012-04-11 00:00:00w2012-04-11yBKzInserito da: In data: n.d. fondo: Via A.Severo 56 Progr:20492